Before you say I do. (Record no. 14658)

000 -LEADER
fixed length control field 00827nam a2200229 a 4500
001 - CONTROL NUMBER
control field :::00012491$&:&@@
003 - CONTROL NUMBER IDENTIFIER
control field OkBaRHE
005 - DATE AND TIME OF LATEST TRANSACTION
control field 20000607103419.0
008 - FIXED-LENGTH DATA ELEMENTS--GENERAL INFORMATION
fixed length control field s1978 j 000 0 eng u
040 ## - CATALOGING SOURCE
Transcribing agency
100 1# - MAIN ENTRY--PERSONAL NAME
Personal name Roberts, Wes and Wright, H. Norman.
245 10 - TITLE STATEMENT
Title Before you say I do.
260 ## - PUBLICATION, DISTRIBUTION, ETC. (IMPRINT)
Place of publication, distribution, etc Eugene, OR., :
Name of publisher, distributor, etc Harvest House Publishers
Date of publication, distribution, etc c1978
300 ## - PHYSICAL DESCRIPTION
Extent 76 p. ;
Dimensions 28 cm.
650 ## - SUBJECT ADDED ENTRY--TOPICAL TERM
Topical term or geographic name as entry element Courtship
650 ## - SUBJECT ADDED ENTRY--TOPICAL TERM
Topical term or geographic name as entry element Marriage Counseling
700 ## - ADDED ENTRY--PERSONAL NAME
Personal name Wright, H. Norman, Joint author.
942 ## - ADDED ENTRY ELEMENTS (KOHA)
Source of classification or shelving scheme
Koha item type Books
Copies
Date last seen Source of classification or shelving scheme Copy number Lost status Withdrawn status Price effective from Shelving location Permanent Location Barcode Not for loan Date acquired Damaged status Full call number Koha item type
2010-04-14 1  2010-04-14General StacksRHEMA Bible Training College12491 2010-04-14 HQ 734 .R6Books
2010-04-14 2  2010-04-14General StacksRHEMA Bible Training College15947 2010-04-14 HQ 734 .R6Books
2010-04-14 3  2010-04-14General StacksRHEMA Bible Training College15948 2010-04-14 HQ 734 .R6Books